000 01190nam a2200277 a 4500
001 000040997
005 20201002034534.0
008 130912s2014 dr r 000 0 spa d
020 _a9789945443622
040 _aDO-SdBNP
_bspa
_cBNPHU
082 _axxxx
_bxxxx
100 1 _aOssers, Manuel A.
_967429
245 1 0 _aEstudios literarios dominicanos /
_cManuel A. Ossers; prefacio Heather Dubnick; prólogo Nelia Olivencia; traducción Alicia de Gregorio.
260 _aSanto Domingo :
_bBanco Central de la República Dominicana,
_c2014.
300 _axxxvi, 213 p. ;
_c23 cm.
490 1 _aBanco Central de la República Dominicana
_aArte y literatura
_v199
_v67
500 _aIncluye datos biografícos del autor en las solapas.
500 _aIncluye referencias bibliográficas y notas al pie de las páginas
500 _aEl prefacio y el prólogo estan en ingles y español
500 _aIncluye índice
504 _aBibliografía : p. 183-188
700 1 2 _aOlivencia, Nelia,
_eprol.
_967430
700 1 2 _aGregorio, Alicia de,
_etr.
_967431
700 1 2 _aDubnick, Heather,
_epref.
_967432
830 0 _aBanco Central de la República Dominicana
_pArte y literatura
_n199
_n67
_967433
999 _c40487
_d40487